| 000 | 00387 a2200121 4500 | ||
|---|---|---|---|
| 001 | ART_48293 | ||
| 005 | 20260410161757.0 | ||
| 008 | 260409a | ||
| 245 | 1 | 0 | _aLas recientes modificaciones en el impuesto sobre los bienes personales |
| 100 | 1 | _aRolando, Félix José | |
| 700 | 1 | _aDreiling, Paola E. | |
| 773 | 0 |
_tDoctrina tributaria _g- N°467 (feb. 2019) _wREV4296 |
|
| 999 |
_c20211 _d20211 |
||